Antología de los cuentos de Pere Calders / (Record no. 38524)

MARC details
000 -LEADER
campo de control de longitud fija 00641nam a2200205 i 4500
001 - NÚMERO DE CONTROL
campo de control 38524
003 - IDENTIFICADOR DE NÚMERO DE CONTROL
campo de control ES-MaACL
005 - FECHA Y HORA DE LA ÚLTIMA TRANSACCIÓN
campo de control 20250712031708.0
007 - CAMPO FIJO DE DESCRIPCIÓN FÍSICA--INFORMACIÓN GENERAL
campo de control de longitud fija t|
008 - DATOS DE LONGITUD FIJA--INFORMACIÓN GENERAL
campo de control de longitud fija 030225s1969 sp ||||1| spa d
100 1# - ENTRADA PRINCIPAL--NOMBRE DE PERSONA
Nombre de persona Calders, Pere.
9 (RLIN) 33636
245 10 - MENCIÓN DEL TÍTULO
Título Antología de los cuentos de Pere Calders /
Mención de responsabilidad, etc. Pere Calders ; (versión y prólogo de Fernando Gutiérrez).
260 ## - PUBLICACIÓN, DISTRIBUCIÓN, ETC.
Lugar de publicación, distribución, etc. Barcelona :
Nombre del editor, distribuidor, etc. Polígrafa,
Fecha de publicación, distribución, etc. 1969.
300 ## - DESCRIPCIÓN FÍSICA
Extensión 234 p. ;
Dimensiones 20 cm.
490 1# - MENCIÓN DE SERIE
Mención de serie La senda ;
Designación de volumen o secuencia 4
700 1# - ENTRADA AGREGADA--NOMBRE PERSONAL
Nombre de persona Gutiérrez, Fernando,
Fechas asociadas al nombre 1911-1984
9 (RLIN) 156260
830 0# - PUNTO DE ACCESO ADICIONAL DE SERIE-TÍTULO UNIFORME
Título uniforme La senda ;
Designación de volumen o secuencia 4
9 (RLIN) 182917
852 ## - LOCALIZACIÓN
Ubicación ES-MaACL
Número de control de estantería C-39701
Sublocalización o colección R.72613
Holdings
Estatus retirado Estado de pérdida Estado de daño No para préstamo Biblioteca de origen Biblioteca actual Ubicación en estantería Fecha de adquisición Fuente de adquisición Total de préstamos Signatura topográfica completa Código de barras Visto por última vez Precio de reemplazo Tipo de ítem Koha
        Biblioteca del Ateneo de Madrid Biblioteca del Ateneo de Madrid Depósito 2 17/01/2008     C-39701 1040558 23/02/2023 23/02/2023 Libro impreso